| 000 | 01315nam a22003617a 4500 | ||
|---|---|---|---|
| 001 | 137 | ||
| 003 | FISKH | ||
| 005 | 20230302121840.0 | ||
| 008 | 230301b cb ||||| |||| 00| 0 eng d | ||
| 020 | _a9781405266093 | ||
| 035 | _a(DLC) 99042695 | ||
| 040 |
_aDLC _cDLC _dDLC |
||
| 042 | _alcac | ||
| 050 | 0 | 0 |
_aPZ7.S6795 _bMi 2000 |
| 082 | 0 | 0 |
_a813.6 _221 |
| 100 | 1 | _aSnicket, Lemony. | |
| 245 | 1 | 4 |
_aThe miserable mill / _cby Lemony Snicket ; illustrations by Brett Helquist. |
| 250 | _a1st ed. | ||
| 260 |
_aNew York, N.Y. : _bHarperCollins Publishers, _c2000 |
||
| 300 |
_a194 p. : _bill. ; _c19 cm. |
||
| 490 | 1 |
_aA series of unfortunate events ; _vbk. 4 |
|
| 520 | _aAccidents, evil plots, and general misfortune abound when, in their continuing search for a home, the Beaudelaire orphans are sent to live and work in a sinister lumber mill. | ||
| 521 | 8 |
_a1000
_bLexile |
|
| 521 | 8 |
_aU
_bRaz-Plus |
|
| 650 | 1 |
_aOrphans _vFiction. |
|
| 650 | 1 |
_aBrothers and sisters _vFiction. |
|
| 650 | 1 | _aHumorous stories. | |
| 700 | 1 |
_aHelquist, Brett, _eill. |
|
| 800 | 1 |
_aSnicket, Lemony. _tSeries of unfortunate events ; _vbk. 4. |
|
| 856 | 4 | 2 |
_3Publisher description _uhttp://www.loc.gov/catdir/description/hc043/99042695.html |
| 906 |
_a7 _bcbc _corignew _d1 _eocip _f19 _gy-gencatlg |
||
| 942 |
_2ddc _cBK _n0 |
||
| 999 |
_c137 _d137 |
||